000 00701nam a2200205 4500
001 143557
003 ES-MaACL
005 20251015063133.0
007 t|
008 070214s1971 sp r ||||1| spa d
100 1 _aServan-Schreiber, Jean-Jacques,
_d1924-2006
_9105855
245 1 0 _aForzar el destino /
_cJean-Jacques Servan-Schreiber ; prólogo de Francisco Fernández Areal ; [traducción de Eduardo García Rico].
250 _a1ª ed.
260 _aBarcelona :
_bDopesa,
_c1971 (
_fFlamma)
300 _a205 p. ;
_c18 cm.
700 1 _aFernández Areal, Francisco.
_949470
700 1 _aRico, Eduardo G.
_997011
852 _aES-MaACL
_jC-41618
_bR.79421
999 _c143557
_d143557